|
|
|
|
| LEADER |
00956nam a2200265 a 4500 |
| 001 |
14462753 |
| 008 |
120703s2007 nyu 000 0 eng d |
| 010 |
|
|
|a 2006050377
|
| 020 |
|
|
|a 0415374863 (set)
|
| 020 |
|
|
|a 0415414717 (vol. 2)
|
| 020 |
|
|
|a 9780415374866 (Set)
|
| 020 |
|
|
|a 9780415414715 (Volume II)
|
| 040 |
|
|
|a DLC
|c DLC
|c BD-DhAAL
|
| 082 |
0 |
0 |
|a 427.95
|2 22
|
| 245 |
0 |
0 |
|a Asian englishes,
|n Volume II,
|p Baboo English 1890-1891 /
|c Edited by Kingsley Bolton and Braj B. Kachru
|
| 260 |
|
|
|a New York :
|b Routlegde,
|c 2007.
|
| 300 |
|
|
|a v, 300 p. :
|c 24 cm.
|
| 362 |
0 |
|
|a Vol. II
|
| 541 |
|
|
|a 00025525
|
| 650 |
|
0 |
|a English language
|z Asia
|
| 700 |
1 |
|
|a Bolton, Kingsley
|
| 700 |
1 |
|
|a Kachru, Braj B.
|
| 852 |
1 |
|
|a Ayesha Abed Library
|j General shelf
|
| 999 |
|
|
|c 12537
|d 12537
|
| 952 |
|
|
|0 0
|1 0
|4 0
|6 427_950000000000000_ASI
|7 0
|9 20696
|a BRACUL
|b BRACUL
|c GEN
|d 2012-07-04
|e Karim International
|g 18152.00
|l 0
|o 427.95 ASI
|p 3010025525
|r 2012-07-10
|t 1
|w 2012-07-10
|y BK
|